Rodzaje emocji - Statystyki

Ogólne statystyki
  • Ten quiz został rozwiązany 18 razy
  • Średni wynik to 6 z 36
Statystyki odpowiedzi
Emocja % Poprawnych
Smutek
87%
Radość
73%
Zazdrość
53%
Gniew
47%
Żal
47%
Zdziwienie
33%
Strach
27%
Szczęście
27%
Wstyd
27%
Zaskoczenie
27%
Lęk
20%
Irytacja
13%
Obawa
13%
Rozczarowanie
13%
Wstręt
13%
Zażenowanie
13%
Zdenerwowanie
13%
Duma
7%
Podziw
7%
Przerażenie
7%
Zakochanie
7%
Zawód
7%
Antypatia
0%
Ciekawość
0%
Ekscytacja
0%
Fascynacja
0%
Melancholia
0%
Poczucie gustu
0%
Poczucie humoru
0%
Poczucie krzywdy
0%
Poczucie winy
0%
Sumienie
0%
Sympatia
0%
Uraza
0%
Wdzięczność
0%
Zaufanie
0%
Nie znaleziono quizów pasujących do podanych kryteriów
Rozkład punktacji
Procent ludzi z każdym wynikiem
Percentyl według liczby udzielonych odpowiedzi
Twoja historia wyników
Nie rozwiązałeś tego quizu